000 00474nam a22001697a 4500
003 0
005 20240920153730.0
008 240920b xxu||||| |||| 00| 0 eng d
020 _a978-621-04-0123-3
050 _aLB 3051
_b.As87 2020
245 _aAssessment in learning 1
260 _aQuezon City
_bRex bookstore
_cC2020
300 _axxii, 321p.
_c26cm.
500 _aEducational test & measurement.
650 _aIncludes bibliographical references.
942 _2lcc
_cBK
999 _c366294
_d366294